The cell : a molecular approach.
Saved in:
| Main Authors: | , |
|---|---|
| Format: | Bog |
| Sprog: | engelsk |
| Udgivet: |
Washington, USA:
ASM Press,
2007.
|
| Udgivelse: | Fourth edition |
| Fag: | |
| Tags: |
Tilføj Tag
Ingen Tags, Vær først til at tagge denne postø!
|
MARC
| LEADER | 00000nam a2200000 i 4500 | ||
|---|---|---|---|
| 001 | 990011188600204201 | ||
| 003 | CL-VaPUC | ||
| 005 | 20221017084340.0 | ||
| 008 | 060911s2007 xxu 000 0 eng d | ||
| 999 | |c 435435 |d 435433 | ||
| 020 | |a 9780878932207 | ||
| 035 | |a CSIC001118860 | ||
| 035 | |a (ES-MaCSI)001118860MAD01-Aleph | ||
| 035 | |a (OCoLC)1025208637 | ||
| 040 | |a ES-MaCSI |b spa |c Pontificia Universidad Católica de Valparaíso | ||
| 082 | 7 | |a 571.6 COO 2007 |2 21 | |
| 100 | 1 | |a Cooper, Geoffrey M |e author |9 868588 | |
| 245 | 1 | 4 | |a The cell : |b a molecular approach. |
| 250 | |a Fourth edition | ||
| 260 | |a Washington, USA: |b ASM Press, |c 2007. | ||
| 300 | |a XIX, 820 páginas. : |b ilustraciones. ; | ||
| 500 | |a Bibliografía e índices | ||
| 583 | |c 20220419 |k Cristina María Rojas Aguilar | ||
| 650 | 0 | |a Biología molecular |9 269677 | |
| 650 | 0 | |a Citología |9 261432 | |
| 700 | 1 | |a Hausman, Robert E. |e author |9 868589 | |
| 942 | |2 ddc |c BK | ||
| 952 | |0 0 |1 0 |2 ddc |4 0 |6 571_600000000000000_COO_2007 |7 0 |8 A |9 582659 |a BIBCUR |b BIBCUR |c GEN |d 2022-04-19 |i 4303512 |l 3 |m 1 |o 571.6 COO 2007 |p 4303512 |r 2025-04-22 |s 2024-06-26 |w 2022-04-19 |y BK |k BIO | ||